|
|
|
|
| LEADER |
01202nam a2200265 a 4500 |
| 001 |
33925 |
| 003 |
BD-DhAAL |
| 005 |
20190623150507.0 |
| 008 |
181108t2011 bg a|||| |||| 000 0 ben d |
| 999 |
|
|
|c 40169
|d 40169
|
| 020 |
|
|
|a 9847015200565
|
| 040 |
|
|
|a BD-DhAAL
|
| 082 |
|
|
|a 954.9205092
|2 23
|
| 245 |
|
|
|a বঙ্গবন্ধুকে নিবেদিত ১০১ কিশোর রচনা /
|c রহীম শাহ সম্পাদিত
|
| 246 |
|
|
|a Bangabandhukey nebadita 101 kishor rachna
|
| 260 |
|
|
|a ঢাকা :
|b অনুপম প্রকাশনী,
|c ২০১১
|
| 300 |
|
|
|a ৩২৮ পৃষ্ঠা :
|b চিত্র ;
|c ২২ সে.মি.
|
| 526 |
|
|
|a AAL
|
| 541 |
|
|
|a Boibazar.com
|e 33925
|
| 600 |
|
|
|a Mujibur Rahman, Sheikh
|d 1920-1975
|v Juvenile literature
|x Political and social views.
|9 28795
|
| 651 |
|
|
|a Bangladesh
|x Politics and government.
|9 28796
|
| 700 |
|
|
|a শাহ, রহীম
|9 28797
|
| 852 |
|
|
|a Ayesha Abed Library
|c Bangabandhu Corner
|
| 942 |
|
|
|2 ddc
|c BK
|
| 952 |
|
|
|0 0
|1 0
|2 ddc
|4 0
|6 954_920509200000000_SHA
|7 0
|9 64575
|a BRACUL
|b BRACUL
|c BNC
|d 2018-11-01
|e Boibazar.com
|g 263.00
|l 0
|o 954.9205092 SHA
|p 3010033925
|r 2018-11-01
|t 1
|v 263.00
|w 2018-11-01
|y BK
|